000 01300nam a2200325 a 4500
001 000115758
003 CHAP
005 20220329144547.0
008 190702s2019 mx a |sm |||||||spa d
010 _a112219
011 _a113191
040 _cCHAP
090 _aTesis
100 1 _aCastillejos López, Yutzill.
_9136359
245 1 0 _aAnálisis de la participación del programa prospera en las condiciones alimenticias de familias rurales en cuatro comunidades del Estado de Veracruz
_h[En línea]
_cpor Yutzill Castillejos López.
260 _aChapingo, Méx. :
_bEl autor,
_c2019.
500 _aPara ver el contenido del material haga clic en la liga
502 _aTesis (M.C. en Desarrollo Rural Regional) -- UACH. Dirección General de Control Regional
590 _aBATCH-UPD
_b05
_c20190702
_lUCH01
_h1212
590 _aE6339RRR
_b05
_c20190702
_lUCH01
_h1211
590 _aE6339RRR
_b05
_c20190702
_lUCH01
_h1211
650 1 4 _aAlimentación
_xProgramas de desarollo
_xEvaluación.
_9131359
650 1 4 _aComunidades rurales
_xAlimentación.
_9131360
650 1 4 _aPobreza rural
_zVeracruz.
_9135645
650 1 4 _aVeracruz
_xPolítica y gobierno.
_9118818
856 _aFinding aid
_uhttp://10.13.5.2/tesis/sist115758.pdf
_zTeclea aquí
901 _aBK
942 _cTESIS
942 _n0
999 _c112219
_d112219